| 000 | 00349nam a2200145Ia 4500 | ||
|---|---|---|---|
| 008 | 230312s9999||||xx |||||||||||||| ||und|| | ||
| 020 | _a81-317-7050-4 | ||
| 082 |
_a621.815 _bBAB-E |
||
| 100 | _aBabu;Jaget | ||
| 245 | 0 | _aEngineering Mechanics | |
| 260 |
_bPearson _aIndia _c2012 |
||
| 300 | _a934 | ||
| 650 |
_aEngineering _vMechanics |
||
| 942 | _cBK | ||
| 999 |
_c12270 _d12270 |
||